Loading...
| Auditory Arts | 4 | 10.00 | 100% | 0% | 0% |
| Current Events | 1 | 30.00 | 100% | 100% | 100% |
| Fine Arts - Other Arts | 3 | 13.33 | 100% | 0% | 33% |
| Geography | 1 | 0.00 | 0% | 0% | 0% |
| History - American | 2 | 15.00 | 100% | 50% | 0% |
| History - Ancient | 4 | 15.00 | 75% | 75% | 0% |
| History - European | 2 | 10.00 | 100% | 0% | 0% |
| History - World | 5 | 12.00 | 100% | 20% | 0% |
| Literature - American | 4 | 7.50 | 50% | 25% | 0% |
| Literature - British | 1 | 10.00 | 0% | 100% | 0% |
| Literature - European | 2 | 5.00 | 50% | 0% | 0% |
| Literature - World | 3 | 6.67 | 67% | 0% | 0% |
| Other Academic | 1 | 0.00 | 0% | 0% | 0% |
| Philosophy | 4 | 20.00 | 100% | 75% | 25% |
| Science - Biology | 3 | 10.00 | 100% | 0% | 0% |
| Science - Chemistry | 2 | 10.00 | 50% | 50% | 0% |
| Science - Other | 6 | 6.67 | 50% | 0% | 17% |
| Science - Physics | 2 | 5.00 | 50% | 0% | 0% |
| Social Science | 6 | 13.33 | 83% | 17% | 33% |
| Visual Arts | 5 | 10.00 | 100% | 0% | 0% |